LEGO Ninjago Episodenliste - Statistiken

Allgemein
  • Dieses Quiz wurde 255 mal gespielt
  • Das Durchschnittsergebnis liegt bei 38 aus 213
Antwortstatistiken
Staffel Episode Antwort % Korrekt
1 10 Der grüne Ninja
59%
13 158 Der Aufstieg
51%
1 1 Der Aufstieg der Schlangen
48%
1 8 Die erste Reißzahnklinge
43%
4 35 Die Einladung
42%
1 11 Die vierte Reißzahnklinge
42%
2 23 Der Tempel des Lichts
40%
1 7 Der Nindroid
39%
4 44 Der Pfad der Ältesten
37%
2 26 Der ultimative Spinjitzu-Meister
37%
0 Teil 2 König der Schatten
35%
3 27 Das neue Ninjago
34%
2 17 Das Ninjaball-Rennen
34%
3 34 Der goldene Meister
34%
1 4 Traue niemals einer Schlange
34%
1 2 Der Pfad des Falken
33%
1 9 Der Talentwettbewerb
33%
2 24 Die dunkle Uhr
32%
3 33 Die Ninja im Weltall
32%
2 20 Lloyds Mutter Misako
32%
5 45 Stürmischer Wind
32%
SPECIAL Tag der Erinnerungen
32%
2 19 Die Zeitreise
31%
4 41 Das letzte Element
29%
2 16 Die falschen Ninja
29%
0 Teil 1 Die Legende von Ninjago
29%
2 22 Die Reise zum Tempel des Lichts
29%
2 21 Die Steinsamurai
29%
5 54 Die verfluchte Welt
29%
1 6 Die verlorene Stadt
29%
1 3 Familienbande
29%
4 38 Ninja auf Rollen
29%
5 47 Die Stadt über dem Wasser
28%
2 25 Garmadons neue Maschine
28%
2 18 Wieder jung
28%
5 53 Der Weltenkristall
27%
3 31 Die Computerwelt
27%
11 99 Faule Ninja
27%
3 32 Projekt Arcturus
27%
1 13 Rettung in letzter Sekunde
27%
4 39 Der Spion
26%
4 36 Elementare Schwierigkeiten
26%
2 14 Finsternis zieht herauf
26%
2 15 Piraten gegen Ninja
26%
5 46 Geistergeschichte
25%
4 37 Kenne deine Feinde
25%
10 98 Der Tornado der Schöpfung
24%
3 30 Die Legende des goldenen Meisters
24%
5 49 Zyklon-Go
24%
1 12 Das böse Erwachen
23%
6 63 Das Ninja-Ersatzteam
23%
5 50 Das Schwert der Prophezeiung
23%
4 42 Der Tag des Drachen
23%
5 52 Die drei Prüfungen
23%
3 28 Die Kunst, nicht zu kämpfen
23%
1 5 Die Vereinigung der Schlangen
23%
9 94 Lloyds Kraft
23%
8 79 Die Ruhe vor dem Sturm
22%
15 177 Die Ruhe vor dem Sturm
22%
4 43 Hilfe von Pythor
22%
7 65 Meister der Zeit
22%
6 61 Wunschverschwendung
22%
10 97 Der Sturz
21%
7 72 Familientreffen
21%
16 210 Wurzeln
21%
6 64 Der allmächtige Nadakhan
20%
5 51 Falsches Spiel
20%
7 67 Geschwister
20%
5 48 Sensei Yangs Prüfung
20%
7 73 Zwei wie Feuer und Wasser
20%
12 137 Der Tanzwettbewerb
19%
4 40 Die Geschichte der Anacondrai
19%
8 75 Die Maske der Täuschung
19%
8 77 Die Oni und die Drachen
19%
15 180 Gezeitenwende
19%
8 76 Prinzessin Harumi
19%
7 66 Das große Schlüpfen
18%
3 29 Das innere Gleichgewicht
18%
13 160 Der Sohn von Lilly
18%
7 69 Die zweite Zeitklinge
18%
7 71 Jede Menge Geheimnisse
18%
12 130 Mayers Insel
18%
7 68 Metalldiebe
18%
11 100 Nichts los in Ninjago
18%
13 145 Shintaro
18%
11 114 Das Niemandsland
17%
6 62 Der alte Leuchtturm
17%
12 133 Ich bin Okino
17%
12 131 Level 13
17%
15 178 Ninjago unter Wasser
17%
9 89 Vertrauen
17%
9 92 Die Lügen des Eisenbarons
16%
8 82 Die Zeremonie
16%
9 87 Drachen anlocken
16%
9 85 Gib niemals auf
16%
16 203 Gib niemals auf
16%
8 78 Jake Schlangenschleim
16%
15 179 Nyad
16%
6 56 Ronan auf Ninja-Suche
16%
11 106 Schlangastrophe
16%
11 128 Zanes Erwachen
16%
10 96 Zusammenarbeit
16%
9 86 Bei den Drachenjägern
15%
16 209 Die Drachen-Form
15%
8 81 Die dritte Maske
15%
14 163 Ein Geschenk namens Jay
15%
8 80 Im Auge des Urwalds
15%
7 70 Im Siegesrausch
15%
11 122 Akitas Vergangenheit
14%
11 112 Aspheeras Rache
14%
16 200 Christofarn
14%
9 93 Das Drachennest
14%
11 121 Das Geheimnis des Wolfes
14%
6 59 Das Gift der schwarzen Witwe
14%
6 58 Das Luftschiff des Unglücks
14%
9 90 Das Oni-Land
14%
11 119 Der Baum der Reisenden
14%
11 111 Der Club der Entdecker
14%
11 104 Der mutige Zeitungsjunge
14%
9 91 Die doppelte Harumi
14%
14 161 Die geheime Insel
14%
13 159 Die Oblies schlagen zurück!
14%
10 95 Eine dunkle Gefahr
14%
11 101 Ein sandiger Start
14%
12 144 Game Over
14%
11 109 Gebrochene Versprechen
14%
11 102 Gestrandet in der Wüste
14%
12 129 Möchtest du Prime Empire betreten?
14%
11 118 Nachricht von Zane
14%
6 60 Nadakhans wahrer Plan
14%
11 105 Ninja gegen Lava
14%
7 74 Reise in die Vergangenheit
14%
12 140 Terra Dronica
14%
11 125 Vex und der Eiskaiser
14%
9 88 Wie man einen Drachen baut
14%
13 152 Der tiefe Fall
13%
14 164 Der Zahn der Wojira
13%
14 162 Die Hüter des Amuletts
13%
13 150 Die Prüfung des Mino
13%
11 107 Die verbotene Schriftrolle
13%
8 83 Die wahre Macht
13%
15 175 Die Zeitungsbotin
13%
13 146 In der Finsternis
13%
8 84 Kleines Ninjago, großes Ärger
13%
13 149 Königin Murtessa
13%
11 120 Krag, der sanfte Riese
13%
16 207 Notrufe
13%
11 124 Pixal gibt niemals auf!
13%
12 139 Das Fünf-Milliarden-Wettrennen
12%
11 115 Der Feuer-Macher
12%
6 55 Der Flaschengeist aus der Teekanne
12%
13 155 Der Gigant-Drache
12%
11 117 Der schlimmste Ninja!
12%
12 143 Der Tempel des Irrsins
12%
13 151 Der Totenkopf-Zauberer
12%
13 148 Die doppelten Klingen
12%
12 135 Die Klippen der Panik
12%
11 116 Ein geheimnisvoller Freund
12%
15 165 Ein Wasserproblem
12%
13 153 Höhlen-Party!
12%
12 136 Im Labyrinth des roten Drachen
12%
11 103 Rätsel in der Pyramide
12%
11 108 Schlangen-Geschichte
12%
11 110 Schlangen im Kloster
12%
12 141 Zane spielt Detektiv
12%
13 154 Cole und sein Element
11%
15 173 Das Sturm-Amulett
11%
11 127 Gemeinsam gegen den Kaiser
11%
12 134 Im Wald der Verzweiflung
11%
15 170 Lang lebe der König
11%
12 142 Unagamis Portal
11%
12 138 Der 5. Rennwagen
10%
15 172 Die Geschichte von Benthomaar
10%
13 147 Die schlechteste Rettungsaktion aller Zeiten
10%
13 157 Die Schutz-Höhle
10%
11 126 Ein unerwarteter Freund
10%
15 168 Fünfzehntausend Meter tief
10%
12 132 Jay der Superstar
10%
11 123 Mein Feind, mein Freund
10%
11 113 Meister Wus Entscheidung
10%
16 181 Abschied vom Meer
9%
15 169 Ärger mit Kalmaar
9%
15 167 Auf Tauchstation
9%
15 171 Befreiung aus Merlopia
9%
15 174 Das Rätsel der Sphinx
9%
6 57 Das Vermächtnis des Dschinns
9%
16 192 Der Rat des Diamant-Königs
9%
13 156 Meister geben niemals auf
9%
15 176 Meisterin des Meeres
9%
16 183 Nyas Gestalt
9%
16 191 Der fünfte Schurke
8%
15 166 Der Ruf der Tiefe
8%
16 199 Diamanten-Drama
8%
16 182 Der Ruf der Heimat
7%
16 194 Die Diamant-Spinnen
7%
16 204 Die Rückkehr des Eiskaisers
7%
16 205 Ein Zufluchtsort
7%
16 196 In der Dunkelheit
6%
16 190 Nützliche Gefühle
6%
16 195 Der Fall des Klosters
5%
16 185 Die Gesuchten 1, 2, 3, 4 und 5
5%
16 208 Eine Frage des Vertrauens
5%
16 184 Ein geheimes Problem
5%
16 202 Mutig, aber unklug!
5%
16 198 Rückkehr ins Auge des Urwalds
5%
16 193 Schatten der Vergangenheit
5%
16 206 Was zusammenpasst
5%
16 186 Ein verhängnisvolles Versprechen
4%
16 189 Flucht in die Wüste
4%
16 188 Frust im Gefängnis
4%
16 187 Ninja vor Gericht
4%
16 201 Oni-Unterricht
4%
16 197 Die Wiederkehr des Königs
3%
Keine übereinstimmenden Quizze gefunden
Verteilung der Resultate
Anzahl Personen mit jedem Resultat
Perzentil nach korrekt beantworteten Fragen
Ihre Resultats-Entwicklung
Sie haben dieses Quiz noch nicht gespielt